Manažment konfliktov na pracovisku: analýza v súčasnej dobe virtualizácie pracovného miesta
Preferované štýly zvládania konfliktov v slovenskej manažérskej praxi.
Gespeichert in:
| 1. Verfasser: | |
|---|---|
| Format: | Buchkapitel |
| Sprache: | Slowakisch |
| Schlagworte: | |
| Tags: |
Keine Tags, Fügen Sie das erste Tag hinzu!
|
MARC
| LEADER | 00000naa$a2200000$$$4500 | ||
|---|---|---|---|
| 001 | 0289663 | ||
| 005 | 20240502074435.6 | ||
| 041 | 0 | |a slo | |
| 044 | |a SK | ||
| 245 | 1 | 0 | |a Manažment konfliktov na pracovisku: analýza v súčasnej dobe virtualizácie pracovného miesta |c Katarína Procházková |
| 520 | |a Preferované štýly zvládania konfliktov v slovenskej manažérskej praxi. | ||
| 610 | 2 | 0 | |a konflikty |
| 610 | 2 | 0 | |a pracovisko |
| 610 | 2 | 0 | |a manažment |
| 610 | 2 | 0 | |a efektívnosť |
| 610 | 2 | 0 | |a štýl vedenia |
| 100 | 1 | |a Procházková, Katarína, 1983- | |